| 000 | 00000nam 2200000zi 4500 |
| 001 | 9.911649 |
| 003 | CaOODSP |
| 005 | 20250915080441 |
| 006 | m o d f |
| 007 | cr cn||||||||| |
| 008 | 220526s2022 onc ob f000 0 eng d |
| 040 | |aCaOODSP|beng|erda|cCaOODSP |
| 043 | |an-cn--- |
| 086 | 1 |aRv55-8/19-12-1-2022E-PDF |
| 245 | 00|aImportation of vehicles. |
| 250 | |a[March 2, 2022 edition]. |
| 264 | 1|aOttawa : |bCanada Border Services Agency = Agence des services frontaliers du Canada, |c2022. |
| 300 | |a1 online resource (27 pages). |
| 336 | |atext|btxt|2rdacontent |
| 337 | |acomputer|bc|2rdamedia |
| 338 | |aonline resource|bcr|2rdacarrier |
| 490 | 1 |aMemorandum, |x2369-2391 ; |vD19-12-1 |
| 500 | |aIssued also in French under title: Importation de véhicules. |
| 500 | |a"Ottawa, March 2, 2022." |
| 500 | |a"Superseded Memorandum D, D19-12-1 dated August 12, 2020." |
| 504 | |aIncludes bibliographical references (page 27). |
| 520 | |a"This memorandum has been updated to: Provide a definition for “power-assisted bicycles” following recent changes to the Motor Vehicle Safety Regulations. Provide instructions with regard to the importation of a restricted-use vehicle, which is a new prescribed class; and, provide further guidance regarding the speed of all-terrain vehicles, dirt bikes, utility-terrain vehicles and dune buggies to determine whether or not they are regulated"--In brief, page [1]. |
| 650 | 0|aMotor vehicles|xLaw and legislation|zCanada. |
| 650 | 0|aImports|xLaw and legislation|zCanada. |
| 710 | 2 |aCanada Border Services Agency, |eissuing body. |
| 775 | 08|tImportation de véhicules.|w(CaOODSP)9.911650 |
| 794 | |tImportation of vehicles.|b[May 20, 2022 edition]|w(CaOODSP)9.925660 |
| 795 | |tImportation of vehicles.|b[August 13, 2020 edition]|w(CaOODSP)9.901835 |
| 830 | #0|aMemorandum (Canada Border Services Agency)|vD19-12-1.|w(CaOODSP)9.816825 |
| 856 | 40|qPDF|s621 KB|uhttps://publications.gc.ca/collections/collection_2022/asfc-cbsa/RV55-8-19-12-1-2022-eng.pdf |